000 00646nam a22001457a 4500
020 _a978-1-4169-9073-4
082 _a823
_bKEE/N
100 _aKEENE, CAROLYN
245 _aNANCY DREW DIARIES - STRANGERS ON A TRAIN
260 _aNEW YORK
_bALADDIN PAPERBACKS
_c2013
300 _a180
520 _aNancy and her friends, Bess and George, as well as Bess's unsuspecting new boyfriend, are taking an Alaskan cruise because all sorts of strange things keep happening on board. Nancy's old friend Becca works for the cruise line and hired her to go undercover and find the culprit of the sabotage.
650 _aDETECTIVE
_zUNITED STATES
942 _cBK
999 _c7882
_d7882